01011nam a2200229 a 4500003000500000005001700005008004100022020001800063050002200081100002800103245008600131260003600217300002900253500006400282520019900346650002500545650001600570650003200586942001700618999001700635952012900652PILC20160128132336.0121010s19uu xx 00 eng d a9780199230419 aBD 221b.B64 2007 aBoghossian, Paul Artin. aFear of knowledge :bagainst relativism and constructivism /cPaul A. Boghossian. aOxford, UK :bClarendon,c2006. avii, 139 pages :c21 cm. aIncludes bibliographical references (p. 132-135) and index. aRelativist and constructivist conceptions of truth and knowledge have become orthodoxy in vast stretches of the academic world. This work examines such views and exposes their fundamental flaws. aKnowledge, Theory of aObjectivity aConstructivism (Philosophy) cBK2lcckFOR c39469d39469 00102lcc40aCLbCLcGCd2012-10-10eDONATIONg1428.00l0oBD 221 .B64 2006pC16298r2018-05-15 00:00:00t1w2013-10-10yBK